UBT Library

NJOHJA E TALENTIT NE PEDAGOGJIN E PIANISTIKE (Record no. 58601)

000 -LEADER
fixed length control field 00346nam a22001457a 4500
008 - FIXED-LENGTH DATA ELEMENTS--GENERAL INFORMATION
fixed length control field 221018b ||||| |||| 00| 0 eng d
020 ## - INTERNATIONAL STANDARD BOOK NUMBER
International Standard Book Number 9789951001380
041 ## - LANGUAGE CODE
Language code of text/sound track or separate title eng
080 ## - UNIVERSAL DECIMAL CLASSIFICATION NUMBER
Universal Decimal Classification number 781
082 ## - DEWEY DECIMAL CLASSIFICATION NUMBER
Classification number 781 ÇIPA
100 ## - Rafti
Rafti 20.1
101 ## - Shkurtesa
Shkurtesa MUZIK
245 ## - TITLE STATEMENT
Title NJOHJA E TALENTIT NE PEDAGOGJIN E PIANISTIKE
Statement of responsibility, etc ÇIPA INDIRA
942 ## - ADDED ENTRY ELEMENTS (KOHA)
Source of classification or shelving scheme
Item type Books
Holdings
Withdrawn status Lost status Source of classification or shelving scheme Damaged status Not for loan Permanent location Current location Date acquired Total Checkouts Full call number Barcode Date last seen Price effective from Koha item type
          UBT - Prishtine UBT - Prishtine 10/18/2022   781 ÇIPA 002-800028700260206 10/18/2022 10/18/2022 Books
          UBT - Prishtine UBT - Prishtine 10/18/2022   781 ÇIPA 002-800028700260207 10/18/2022 10/18/2022 Books
          UBT - Prishtine UBT - Prishtine 10/18/2022   781 ÇIPA 002-800028700260208 10/18/2022 10/18/2022 Books
          UBT - Prishtine UBT - Prishtine 10/18/2022   781 ÇIPA 002-800028700260209 10/18/2022 10/18/2022 Books
          UBT - Prishtine UBT - Prishtine 10/18/2022   781 ÇIPA 002-800028700260210 10/18/2022 10/18/2022 Books
UBT Library © 2015-2024. All rights reserved University Education for Business and Technology